[Event "Hessen-chB"]
[Site "Frankfurt"]
[Date "2019.06.01"]
[Round "5"]
[White "Siegismund, Florian"]
[Black "Adamczyk, Matthias"]
[Result "1/2-1/2"]
[WhiteElo "1777"]
[BlackElo "1949"]
[PlyCount "78"]
[EventDate "2019.05.30"]
[EventType "swiss"]
[EventRounds "7"]
[EventCountry "GER"]
[SourceTitle "EXT 2020"]
[Source "ChessBase"]
[SourceDate "2019.10.17"]
[SourceVersion "1"]
[SourceVersionDate "2019.10.17"]
[SourceQuality "1"]

1. d4 d5 2. c4 e6 3. cxd5 exd5 4. Nc3 Nf6 5. Bg5 c6 6. Qc2 Bb4 7. e3 Be6 8. Bd3 h6 9. Bh4 Nbd7 10. Nge2 0-0 11. 0-0 Qc7 12. Bg3 Bd6 13. Nb5 cxb5 14. Qxc7 Bxc7 15. Bxc7 Rfc8 16. Rfc1 a6 17. Nf4 Ne8 18. Nxe6 fxe6 19. Bg3 Nb6 20. b3 Kf7 21. Kf1 Ke7 22. Ke2 Rc6 23. Rxc6 bxc6 24. Rc1 Kd7 25. Be5 Nf6 26. f4 Nc8 27. f5 Ne7 28. fxe6+ Kxe6 29. h3 g5 30. Rf1 Nfg8 31. Kd2 a5 32. Be2 Nf5 33. Bg4 Rf8 34. a4 bxa4 35. bxa4 Nge7 36. Bxf5+ Rxf5 37. Rxf5 Nxf5 38. Bc7 Nd6 39. Bxd6 Kxd6 1/2-1/2

[Event "Wiesbaden op 29th"]
[Site "Wiesbaden"]
[Date "2017.08.27"]
[Round "6"]
[White "Siegismund, Florian"]
[Black "Werner, Tom"]
[Result "1-0"]
[WhiteElo "1784"]
[BlackElo "1516"]
[PlyCount "47"]
[EventDate "2017.08.24"]
[EventType "swiss"]
[EventRounds "7"]
[EventCountry "GER"]
[SourceTitle "CBM 180 Extra"]
[Source "ChessBase"]
[SourceDate "2017.10.06"]
[SourceVersion "1"]
[SourceVersionDate "2017.10.06"]
[SourceQuality "1"]

1. d4 d5 2. c4 e6 3. cxd5 exd5 4. Nc3 Nf6 5. Bg5 Be7 6. e3 Bf5 7. Bxf6 Bxf6 8. Qb3 Bc8 9. Nxd5 c6 10. Nxf6+ Qxf6 11. Nf3 0-0 12. Bd3 b6 13. 0-0 Be6 14. Qc2 Kh8 15. Ne5 Bd7 16. Be4 Qd6 17. Rac1 a5 18. Nxd7 Nxd7 19. Qxc6 Qxc6 20. Rxc6 g6 21. Rfc1 Rab8 22. Rd6 f5 23. Rxd7 fxe4 24. Rcc7 1-0

[Event "Hessen-ch op-B"]
[Site "Floersheim"]
[Date "2016.05.05"]
[Round "2"]
[White "Werle, Joshua"]
[Black "Siegismund, Florian"]
[Result "1-0"]
[WhiteElo "1786"]
[BlackElo "1836"]
[PlyCount "55"]
[EventDate "2016.05.05"]
[EventType "swiss"]
[EventRounds "7"]
[EventCountry "GER"]
[SourceTitle "EXT 2022"]
[Source "ChessBase"]
[SourceDate "2021.10.06"]
[SourceVersion "1"]
[SourceVersionDate "2021.10.06"]
[SourceQuality "1"]

1. Nf3 c5 2. g3 Nf6 3. Bg2 e6 4. c4 Nc6 5. 0-0 g6 6. d3 Bg7 7. Bg5 0-0 8. Qd2 Qc7 9. Nc3 a6 10. Bxf6 Bxf6 11. Ne4 Be7 12. Qh6 f6 13. g4 Ne5 14. Nxe5 Qxe5 15. f4 Qd4+ 16. Kh1 f5 17. gxf5 exf5 18. Ng3 Qxb2 19. Bd5+ Kh8 20. Rg1 Qg7 21. Qh3 Rb8 22. Rab1 b5 23. Nh5 Qh6 24. Qe3 Bd6 25. Qd2 gxh5 26. Qc3+ Qf6 27. Qxf6+ Rxf6 28. Rg8# 1-0

[Event "Wiesbaden op 27th"]
[Site "Wiesbaden"]
[Date "2015.08.29"]
[Round "5"]
[White "Berberich, Christoph"]
[Black "Siegismund, Florian"]
[Result "1/2-1/2"]
[WhiteElo "2059"]
[BlackElo "1869"]
[PlyCount "32"]
[EventDate "2015.08.27"]
[EventType "swiss"]
[EventRounds "7"]
[EventCountry "GER"]
[SourceTitle "EXT 2016"]
[Source "ChessBase"]
[SourceDate "2015.10.08"]
[SourceVersion "1"]
[SourceVersionDate "2015.10.08"]
[SourceQuality "1"]

1. d4 Nf6 2. Nf3 c5 3. e3 cxd4 4. exd4 d5 5. c4 Nc6 6. Nc3 g6 7. h3 Bg7 8. Be3 0-0 9. Qd2 Bf5 10. Nh4 Be6 11. c5 Ne4 12. Nxe4 dxe4 13. Rd1 Bxa2 14. b4 Bd5 15. b5 Na5 16. Qb4 b6 1/2-1/2

[Event "Hofheim Spring op-B 2nd"]
[Site "Hofheim"]
[Date "2014.04.24"]
[Round "5"]
[White "Siegismund, Florian"]
[Black "Kitz, Arnd"]
[Result "1-0"]
[WhiteElo "1776"]
[BlackElo "1589"]
[PlyCount "65"]
[EventDate "2014.04.22"]
[EventType "swiss"]
[EventRounds "9"]
[EventCountry "GER"]
[SourceTitle "CBM 160 Extra"]
[Source "ChessBase"]
[SourceDate "2014.07.01"]
[SourceVersion "1"]
[SourceVersionDate "2014.07.01"]
[SourceQuality "1"]

1. d4 d5 2. c4 c6 3. e3 Nf6 4. Nc3 Bf5 5. Nf3 Nbd7 6. Qb3 Qb6 7. Qxb6 Nxb6 8. c5 Nbd7 9. b4 b6 10. Ba6 Rb8 11. Nh4 Bg6 12. Nxg6 hxg6 13. h3 bxc5 14. bxc5 e5 15. Bd2 Be7 16. Ke2 0-0 17. Rhb1 Rxb1 18. Rxb1 e4 19. Rb7 Rb8 20. Rxa7 Rb2 21. Rb7 Rxb7 22. Bxb7 Nb8 23. a4 Ne8 24. Na2 Bd8 25. Nb4 Kf8 26. Nxc6 Nxc6 27. Bxc6 Nc7 28. Ba5 Ke7 29. Bb6 f5 30. a5 Na6 31. Bb7 Bxb6 32. cxb6 Nb4 33. a6 1-0

[Event "Rhein Main op-B 16th"]
[Site "Bad Homburg"]
[Date "2013.05.29"]
[Round "1"]
[White "Wiemann, Vanessa"]
[Black "Siegismund, Florian"]
[Result "0-1"]
[WhiteElo "924"]
[BlackElo "1673"]
[PlyCount "64"]
[EventDate "2013.05.29"]
[EventType "swiss"]
[EventRounds "7"]
[EventCountry "GER"]
[SourceTitle "EXT 2014"]
[Source "ChessBase"]
[SourceDate "2013.11.20"]
[SourceVersion "1"]
[SourceVersionDate "2013.11.20"]
[SourceQuality "1"]

1. e4 e6 2. d4 d5 3. Nc3 Bb4 4. a3 Bxc3+ 5. bxc3 dxe4 6. Bc4 Ne7 7. Ne2 Nd5 8. 0-0 0-0 9. Be3 Nd7 10. Bxd5 exd5 11. Nf4 Nb6 12. f3 Nc4 13. Bd2 f5 14. fxe4 fxe4 15. Qe2 c6 16. Be3 Bg4 17. Qxg4 Nxe3 18. Qe6+ Rf7 19. Rf2 Qd7 20. Qxd7 Rxd7 21. Ne6 Re7 22. Nf4 Rf8 23. Rc1 Ref7 24. Nh3 h6 25. Rxf7 Rxf7 26. Nf2 g5 27. Rb1 Kg7 28. Rb2 Nc4 29. Ra2 e3 30. Nd1 e2 31. Ne3 e1Q+ 32. Nf1 Qxf1# 0-1

[Event "Frankfurt-chA"]
[Site "Frankfurt"]
[Date "2013.05.06"]
[Round "2"]
[White "Siegismund, Florian"]
[Black "Lehmann, Gerit"]
[Result "1-0"]
[WhiteElo "1705"]
[BlackElo "1437"]
[PlyCount "79"]
[EventDate "2013.04.29"]
[EventType "swiss"]
[EventRounds "7"]
[EventCountry "GER"]
[SourceTitle "EXT 2014"]
[Source "ChessBase"]
[SourceDate "2013.11.20"]
[SourceVersion "1"]
[SourceVersionDate "2013.11.20"]
[SourceQuality "1"]

1. d4 d5 2. c4 e6 3. cxd5 exd5 4. Nc3 c6 5. Nf3 Nf6 6. Bg5 Bf5 7. e3 Nbd7 8. Bd3 Bxd3 9. Qxd3 h6 10. Bf4 Nh5 11. Be5 Nxe5 12. Nxe5 Qg5 13. g4 Bd6 14. gxh5 Bxe5 15. dxe5 Qxe5 16. 0-0-0 Qxh5 17. Qd4 0-0 18. Rdg1 f6 19. Qg4 Qxg4 20. Rxg4 f5 21. Rg6 Kf7 22. Rhg1 Rg8 23. Ne2 Rae8 24. Nf4 Re4 25. Kd2 d4 26. Rd6 dxe3+ 27. fxe3 Ke7 28. Rgg6 Re5 29. Nd3 Rd5 30. Rxd5 cxd5 31. Nf4 Kf7 32. Rd6 g5 33. Nxd5 Rg6 34. Rxg6 Kxg6 35. Kd3 Kh5 36. Kd4 Kg4 37. Ke5 Kh3 38. Kxf5 g4 39. Nf4+ Kh4 40. e4 1-0

[Event "Hessen-chB"]
[Site "Offenbach"]
[Date "2012.04.06"]
[Round "5"]
[White "Jordake, Michael"]
[Black "Siegismund, Florian"]
[Result "1/2-1/2"]
[WhiteElo "1856"]
[BlackElo "1570"]
[PlyCount "109"]
[EventDate "2012.04.05"]
[EventType "swiss"]
[EventRounds "7"]
[EventCountry "GER"]
[SourceTitle "EXT 2013"]
[Source "ChessBase"]
[SourceDate "2012.11.22"]
[SourceVersion "1"]
[SourceVersionDate "2012.11.22"]
[SourceQuality "1"]

1. e4 c5 2. Nc3 Nc6 3. g3 Nf6 4. f4 d6 5. h3 e6 6. Bg2 g6 7. d3 Bg7 8. Nf3 0-0 9. Be3 Qb6 10. Rb1 d5 11. Na4 Qb4+ 12. c3 Qb5 13. Bxc5 Rd8 14. e5 Nd7 15. Bf2 Qa5 16. b4 Qc7 17. 0-0 Ncxe5 18. fxe5 Nxe5 19. Nxe5 Bxe5 20. Qf3 f5 21. d4 Bd6 22. Be3 Bxg3 23. Bf4 Bxf4 24. Qxf4 Qc6 25. Nc5 b6 26. b5 Qd6 27. Qxd6 Rxd6 28. Nd3 a6 29. a4 axb5 30. axb5 Ra3 31. Rfc1 Bd7 32. Ne5 Be8 33. Bf1 Rd8 34. Ra1 Rb3 35. c4 dxc4 36. Bxc4 Rxh3 37. Bxe6+ Kg7 38. d5 Bxb5 39. Nc6 Rd6 40. Ra7+ Kf6 41. Rf7+ Kg5 42. Nd4 Ba4 43. Ne2 Bb3 44. Nc3 h5 45. Ne4+ fxe4 46. Bxh3 Rxd5 47. Rcf1 Rd3 48. Bg2 Bxf7 49. Rxf7 e3 50. Bf3 Rd2 51. Re7 Kf4 52. Bc6 Rd6 53. Bb7 g5 54. Re4+ Kf5 55. Rxe3 1/2-1/2

[Event "Villa Helenenhof op"]
[Site "Bad Schwalbach"]
[Date "2009.10.15"]
[Round "5"]
[White "Bohnstorff, Michael"]
[Black "Siegismund, Florian"]
[Result "1-0"]
[WhiteElo "2030"]
[BlackElo "1428"]
[PlyCount "85"]
[EventDate "2009.10.12"]
[EventType "swiss"]
[EventRounds "9"]
[EventCountry "GER"]
[SourceTitle "CBM 132 Extra"]
[Source "ChessBase"]
[SourceDate "2009.11.03"]
[SourceVersion "1"]
[SourceVersionDate "2009.11.03"]
[SourceQuality "1"]

1. d4 d5 2. Nf3 Nf6 3. Bf4 e6 4. e3 Be7 5. c4 c6 6. Nc3 Nbd7 7. Bd3 0-0 8. h3 dxc4 9. Bxc4 c5 10. 0-0 cxd4 11. exd4 Nb6 12. Bd3 Nbd5 13. Be5 Bd6 14. Nb5 Bxe5 15. dxe5 Ne8 16. Qd2 h6 17. Rfd1 Bd7 18. Nbd4 Qb6 19. Rac1 Nec7 20. Bb1 Nb5 21. Qd3 g6 22. Qd2 Nxd4 23. Nxd4 Kg7 24. Be4 Rac8 25. Re1 Rxc1 26. Rxc1 Rc8 27. Rxc8 Bxc8 28. Bxd5 exd5 29. Qc3 Be6 30. b3 h5 31. a4 a5 32. Kh2 f6 33. Qc7+ Qxc7 34. Nxe6+ Kf7 35. Nxc7 d4 36. exf6 Kxf6 37. Kg3 Kf5 38. Kf3 g5 39. Nb5 g4+ 40. hxg4+ hxg4+ 41. Ke2 Ke4 42. Nd6+ Kd5 43. Nxb7 1-0

[Event "Hessen-chB"]
[Site "Marburg"]
[Date "2006.04.13"]
[Round "2.22"]
[White "Siegismund, Florian"]
[Black "Boehme, Erich"]
[Result "1/2-1/2"]
[WhiteElo "1476"]
[BlackElo "2067"]
[PlyCount "70"]
[EventDate "2006.04.13"]
[EventType "swiss"]
[EventRounds "7"]
[EventCountry "GER"]
[SourceTitle "EXT 2007"]
[Source "ChessBase"]
[SourceDate "2006.11.23"]
[SourceVersion "1"]
[SourceVersionDate "2006.11.23"]
[SourceQuality "1"]

1. d4 Nf6 2. c4 e6 3. Nc3 Bb4 4. Bd2 b6 5. a3 Bxc3 6. Bxc3 0-0 7. Nf3 Bb7 8. e3 d5 9. c5 Nbd7 10. b4 Ne4 11. Qc2 a5 12. Bd3 c6 13. Bxe4 dxe4 14. Qxe4 Nf6 15. Qc2 axb4 16. axb4 Rxa1+ 17. Bxa1 Nd5 18. Bc3 Ba6 19. Kd2 f6 20. Ra1 Bb5 21. Ke1 Qb8 22. g3 g5 23. Nd2 f5 24. h3 Nxe3 25. Qb3 Nd5 26. Nf3 g4 27. hxg4 fxg4 28. Ne5 h5 29. Nd7 Qe8 30. Nxf8 Qxf8 31. cxb6 Qf3 32. Qc2 Nxb6 33. Bb2 Bd3 34. Qd1 Qe4+ 35. Kd2 Nc4+ 1/2-1/2